Are You Smarter Than a College Student? XXIX Quiz Stats

 Plays Quiz Updated Jun 22, 2016

Score 0/30 Timer 07:00
10 Plays Today
Hint Answer % Correct
EasySimpson
98.6%
Easysibling
98.1%
EasySimba
93.4%
EasySilicon Valley
87.3%
EasySicily
86.4%
EasySistine
84.6%
Easysimile
82.9%
Easysiren
82.5%
EasySirius Black
78.4%
EasySinatra
77.4%
Mediumsine
74.3%
MediumSinai
70.5%
Mediumsilk
69.8%
Mediumsilver
68.5%
Mediumsilhouette
64.5%
Hint Answer % Correct
MediumSiam
63.1%
Mediumsigma
62.6%
Mediumsixteen
56.8%
Mediumsinister
54.1%
MediumSitting Bull
48.9%
HardSimple Simon
44.6%
HardSikhism
42.7%
Hardsideburns
40.8%
HardSierra Leone
39%
HardSinclair
39%
HardSinn Féin
33.6%
HardSisyphus
30.8%
Hardsigil
24.6%
HardSikorsky
22.8%
HardSibelius
19.1%

You're not logged in!

Compare scores with friends on all Sporcle quizzes.
OR
Log In

You Might Also Like...

Show Comments

Extras

Top Quizzes Today


Score Distribution

Your Account Isn't Verified!

In order to create a playlist on Sporcle, you need to verify the email address you used during registration. Go to your Sporcle Settings to finish the process.

Report this User

Report this user for behavior that violates our Community Guidelines.

Details: